| 000 | 00613nam a22001937a 4500 | ||
|---|---|---|---|
| 003 | 0 | ||
| 005 | 20240725160357.0 | ||
| 008 | 240725b xxu||||| |||| 00| 0 eng d | ||
| 020 | _a9798888363690 | ||
| 050 |
_aQA 76.77 _b.W55 2024 |
||
| 100 | _aWilson, Nora | ||
| 245 |
_aOperating systems: _ban introduction _cNora Wilson |
||
| 260 |
_aNew York, NY _bLarsen & Keller Education _c2024 |
||
| 300 |
_avii, 229 pages : _bcolored illustrations ; _c27cm. |
||
| 504 | _aIncludes bibliographical references and index. | ||
| 650 | _aOperating systems (computers). | ||
| 650 | _aSystems software. | ||
| 942 |
_2lcc _cBK |
||
| 999 |
_c366032 _d366032 |
||